00499nam a2200193 a 4500001001300000003000900013005001700022008004100039020000900080082001300089100001800102245003900120260005000159300000900209500003500218505001100253650002300264700001800287nice12345678IN_TiNIC20260116011633.0050524s1969 cama grp 000 0 eng  ac9400a190bBRI aBritton, Karl aPhilosophy and the Meaning of Life aCambridge bCambridge University Press c1969 a217p aincludes index and biblioraphy2 aIndex. aPhilosophy-Western1 aBritton, Karl